MARC

LEADER 00000nam0a2200000 4500
001 318915
005 20231102003127.0
035 |a (RuTPU)RU\TPU\book\344420 
090 |a 318915 
100 |a 20160512d1972 m y0rusy50 ca 
101 0 |a rus 
102 |a RU 
105 |a a z 000zy 
200 1 |a Города и люди  |f Б. И. Давыдов 
210 |a Москва  |c Советский комитет по культурным связям с соотечественниками за рубежом  |d 1972 
215 |a 199 с.  |c ил. 
606 1 |a География городов  |2 stltpush  |3 (RuTPU)RU\TPU\subj\5928  |9 33912 
610 1 |a демография 
610 1 |a урбанизация 
610 1 |a СССР 
675 |a 911.3  |v 4 
700 1 |a Давыдов  |b Б. И.  |g Борис Иванович 
801 1 |a RU  |b 63413507  |c 20160512 
801 2 |a RU  |b 63413507  |c 20170816  |g RCR 
942 |c BK